000 00267nam a2200109Ia 4500
008 220216s9999 xx 000 0 und d
100 _aMathew George
245 0 _aKarshakakootayimayakku idakunnam maathruka
260 _bRubber
_c2013
300 _a24-25
942 _cJS
999 _c61838
_d61838